Chambers's stepping-stones to literature (Record no. 25454)
[ view plain ]
| 000 -LEADER | |
|---|---|
| campo de control de longitud fija | 00394ntaaa2200157 4500 |
| 003 - IDENTIFICADOR DE NÚMERO DE CONTROL | |
| campo de control | 01 |
| 005 - FECHA Y HORA DE LA ÚLTIMA TRANSACCIÓN | |
| campo de control | 20251027203012.0 |
| 008 - DATOS DE LONGITUD FIJA--INFORMACIÓN GENERAL | |
| campo de control de longitud fija | 0714s1973 ag 01 |
| 040 ## - FUENTE DE CATALOGACIÓN | |
| Centro catalogador/agencia de origen | AR-BaBN |
| Lengua de catalogación | spa |
| Centro/agencia transcriptor | AR-BaBN |
| Normas de descripción | aacr |
| Centro/agencia modificador | RIC |
| 082 ## - NÚMERO DE LA CLASIFICACIÓN DECIMAL DEWEY | |
| Número de clasificación | 823 C35 |
| 245 ## - MENCIÓN DEL TÍTULO | |
| Título | Chambers's stepping-stones to literature |
| 300 ## - DESCRIPCIÓN FÍSICA | |
| Extensión | 208 p. |
| 500 ## - NOTA GENERAL | |
| Nota general | BAJA PATRIMONIAL POR OBSOLESCENCIA 20180814 |
| 650 ## - PUNTO DE ACCESO ADICIONAL DE MATERIA--TÉRMINO DE MATERIA | |
| Término de materia o nombre geográfico como elemento de entrada | Cuentos |
| 9 (RLIN) | 6658 |
| 942 ## - ELEMENTOS DE ENTRADA SECUNDARIOS (KOHA) | |
| Tipo de ítem Koha | Colección General |
| Estatus retirado | Estado de pérdida | Estado de daño | No para préstamo | Biblioteca de origen | Biblioteca actual | Fecha de adquisición | Número de inventario | Total de préstamos | Signatura topográfica completa | Código de barras | Visto por última vez | Precio de reemplazo | Tipo de ítem Koha |
|---|---|---|---|---|---|---|---|---|---|---|---|---|---|
| Biblioteca Pluis | Biblioteca Pluis | 27/10/2025 | 004972 | 823 C35 | 004972 | 27/10/2025 | 27/10/2025 | FICCION | |||||
| Biblioteca Pluis | Biblioteca Pluis | 27/10/2025 | 004973 | 823 C35 | 004973 | 27/10/2025 | 27/10/2025 | FICCION | |||||
| Biblioteca Pluis | Biblioteca Pluis | 27/10/2025 | 004974 | 823 C35 | 004974 | 27/10/2025 | 27/10/2025 | FICCION |
